|
|
|
|
| LEADER |
00716cam a2200193 7i4500 |
| 001 |
0000008778 |
| 005 |
20171117090000.0 |
| 020 |
|
|
|a 8121905001 (hbk.)
|
| 090 |
0 |
0 |
|a TA151
|b .V39 1993
|
| 100 |
1 |
|
|a Vazirani, V.N
|
| 245 |
1 |
0 |
|a Concise handbook of civil engineering
|c V.N. Vazirani, S.P. Chandola.
|
| 260 |
|
|
|a New Delhi:
|b S. Chand & Co. Ltd.,
|c 2004.
|
| 300 |
|
|
|a iv, 984 p.:
|b ill.;
|c 24 cm.
|
| 504 |
|
|
|a Includes bibliographical references and index
|
| 650 |
0 |
0 |
|a Civil engineering
|
| 700 |
1 |
|
|a Chandola, S.P
|
| 997 |
|
|
|a Engineering & Life Sciences, Faculty
|b Engineering, Department
|
| 999 |
|
|
|a 0000008980
|b BOK
|c REFERENCE
|e Ground Floor, Bestari Jaya
|
| 999 |
|
|
|a 0000009062
|b BOK
|c REFERENCE
|e Ground Floor, Bestari Jaya
|